Вып. 16; Иностранные языки в высшей школе

Dades bibliogràfiques
Parent link:Иностранные языки в высшей школе: сборник/ СССР, Министерство высшего и среднего специального образования, Учебно-методическое управление по высшему образованию, Научно-методический совет по иностранным языкам. Вып. 16.— , 1965-
Altres autors: Чемоданов Н. С. Николай Сергеевич
Idioma:rus
Publicat: Москва, Высшая школа, 1981
Matèries:
Format: MixedMaterials Llibre
KOHA link:https://koha.lib.tpu.ru/cgi-bin/koha/opac-detail.pl?biblionumber=331615

MARC

LEADER 00000nam2a2200000 4500
001 331615
005 20231102004356.0
035 |a (RuTPU)RU\TPU\book\357467 
035 |a RU\TPU\book\299721 
090 |a 331615 
100 |a 20170428d1981 k y0rusy5003 ca 
101 0 |a rus 
102 |a RU 
105 |a y z 001zy 
200 0 |a Вып. 16  |f гл. ред. Н. С. Чемоданов 
210 |a Москва  |c Высшая школа  |d 1981 
215 |a 136 с. 
320 |a Библиогр. в тексте. 
461 1 |0 (RuTPU)RU\TPU\book\279366  |t Иностранные языки в высшей школе  |o сборник  |f СССР, Министерство высшего и среднего специального образования, Учебно-методическое управление по высшему образованию, Научно-методический совет по иностранным языкам  |v Вып. 16  |d 1965-  
606 1 |a Иностранные языки  |x Методика преподавания  |2 stltpush  |3 (RuTPU)RU\TPU\subj\12658  |9 39408 
610 1 |a методика 
610 1 |a аудирование 
610 1 |a самостоятельная работа 
610 1 |a вариантность 
610 1 |a психология 
610 1 |a тексты 
610 1 |a смыслообразования 
610 1 |a лингвистика 
610 1 |a французская литература 
610 1 |a лексикография 
610 1 |a английские писатели 
610 1 |a чтение 
610 1 |a второй иностранный язык 
610 1 |a консультации 
610 1 |a рецензии 
686 |a Ш12-9  |2 rubbk 
702 1 |a Чемоданов  |b Н. С.  |g Николай Сергеевич  |4 651 
801 0 |a RU  |b RuMRKP  |c 19950704  |g psbo 
801 1 |a RU  |b 63413507  |c 20140410 
801 2 |a RU  |b 63413507  |c 20170428  |g RCR 
942 |c BK